000 00644nam a2200229Ia 4500
003 OSt
005 20221006164351.0
006 a|||||r|||| 00| 0
007 ta
008 221006b |||||||| |||| 00| 0 hin d
024 _a4,269
037 _cTextual
040 _aFML
_cFML
_bhin
041 _2hin
_ahin
082 _aNR44,5Delta25, K2
100 _aGolverkar Shankar Ramchandra Au.
_9677271
245 0 _aMeera Sangeet
260 _aGwalior
_bRamchandra Sangitalaya India
_c1962
300 _a47
_ccm.
942 _hNR44,5Delta25, K2
_cTEXL
_2CC
999 _c1117010
_d1117010